000 00397nam a2200157Ia 4500
005 20240807062212.0
008 240806s9999||||xx |||||||||||||| ||eng||
041 _aeng
082 _a891.24009
_bSHUK
100 _aPathak Dr. Ram Pravesh
245 0 _aShukraneeti me rajgat /
_cPathak Dr. Ram Pravesh
260 _bKala Prakashan Varanashi
300 _a189
650 _aSanskrit
942 _cBK
999 _c11566
_d11566